|
|
|
|
| LEADER |
03307nam a2200793 i 4500 |
| 001 |
nkc20213324607 |
| 003 |
CZ PrNK |
| 005 |
20250905113143.0 |
| 007 |
ta |
| 008 |
211130s2020 xr ach e c 000 0dcze |
| 015 |
|
|
|a cnb003324607
|
| 020 |
|
|
|a 978-80-7051-305-7
|q (brožováno)
|
| 040 |
|
|
|a ABA001
|b cze
|d BOA001
|e rda
|
| 041 |
0 |
|
|a cze
|b eng
|
| 043 |
|
|
|a e-xr---
|
| 045 |
|
|
|a x-y-
|
| 072 |
|
7 |
|a 821.162.3.09
|x Česká literatura (o ní)
|2 Konspekt
|9 11
|
| 072 |
|
7 |
|a 929
|x Biografie
|2 Konspekt
|9 8
|
| 080 |
|
|
|a 821.162.3-055.2
|2 MRF
|
| 080 |
|
|
|a 81'25-055.2
|2 MRF
|
| 080 |
|
|
|a 821.162.3
|2 MRF
|
| 080 |
|
|
|a 82-93
|2 MRF
|
| 080 |
|
|
|a 929
|2 MRF
|
| 080 |
|
|
|a (437.3)
|2 MRF
|
| 080 |
|
|
|a (048.8)
|2 MRF
|
| 080 |
|
|
|a (0:82-94)
|2 MRF
|
| 080 |
|
|
|a (083.824)
|2 MRF
|
| 100 |
1 |
|
|a Blažejovská, Alena,
|d 1963-
|7 ola200208352
|4 aut
|
| 245 |
1 |
0 |
|a Hana Pražáková :
|b příběhy plné naděje : katalog k výstavě z cyklu Moravské zemské knihovny Oči Brna /
|c Alena Blažejovská, Markéta Hejkalová, Romana Macháčková
|
| 246 |
3 |
0 |
|a Příběhy plné naděje
|
| 246 |
3 |
0 |
|a Oči Brna
|
| 264 |
|
1 |
|a V Brně :
|b Moravská zemská knihovna,
|c 2020
|
| 300 |
|
|
|a 97 stran :
|b ilustrace (převážně barevné), portréty, faksimile ;
|c 15 x 25 cm
|
| 336 |
|
|
|a text
|b txt
|2 rdacontent
|
| 336 |
|
|
|a statický obraz
|b sti
|2 rdacontent
|
| 337 |
|
|
|a bez média
|b n
|2 rdamedia
|
| 338 |
|
|
|a svazek
|b nc
|2 rdacarrier
|
| 500 |
|
|
|a Chronologický přehled
|
| 500 |
|
|
|a 200 výtisků
|
| 504 |
|
|
|a Obsahuje bibliografii a bibliografické odkazy
|
| 546 |
|
|
|a Anglické resumé
|
| 600 |
1 |
7 |
|a Pražáková, Hana,
|d 1930-2010
|7 jk01100984
|2 czenas
|
| 648 |
|
7 |
|a 20.-21. století
|7 ch462155
|2 czenas
|
| 648 |
|
7 |
|a 20. století
|7 ch460558
|2 czenas
|
| 650 |
0 |
7 |
|a české spisovatelky
|7 ph128153
|y 20.-21. století
|2 czenas
|
| 650 |
0 |
7 |
|a překladatelky
|7 ph228421
|z Česko
|y 20.-21. století
|2 czenas
|
| 650 |
0 |
7 |
|a česká literatura
|7 ph116858
|y 20. století
|2 czenas
|
| 650 |
0 |
7 |
|a literatura pro děti a mládež
|7 ph138316
|z Česko
|y 20. století
|2 czenas
|
| 650 |
0 |
9 |
|a Czech women authors
|y 20th-21st centuries
|2 eczenas
|
| 650 |
0 |
9 |
|a women translators
|z Czechia
|y 20th-21st centuries
|2 eczenas
|
| 650 |
0 |
9 |
|a Czech literature
|y 20th century
|2 eczenas
|
| 650 |
0 |
9 |
|a children's and juvenile literature
|z Czechia
|y 20th century
|2 eczenas
|
| 655 |
|
7 |
|a studie
|7 fd133597
|2 czenas
|
| 655 |
|
7 |
|a vzpomínky
|7 fd133830
|2 czenas
|
| 655 |
|
7 |
|a katalogy výstav
|7 fd132536
|2 czenas
|
| 655 |
|
9 |
|a studies
|2 eczenas
|
| 655 |
|
9 |
|a reminiscences
|2 eczenas
|
| 655 |
|
9 |
|a exhibition catalogs
|2 eczenas
|
| 700 |
1 |
|
|a Pražáková, Hana,
|d 1930-2010
|7 jk01100984
|4 ctb
|
| 700 |
1 |
|
|a Hejkalová, Markéta,
|d 1960-
|7 jn20010309322
|4 aut
|
| 700 |
1 |
|
|a Hrbatová, Romana Dominika,
|d 1975-
|7 js20100921001
|4 aut
|
| 710 |
2 |
|
|a Moravská zemská knihovna (Brno, Česko)
|7 kn20010709059
|4 orm
|4 isb
|
| 856 |
4 |
1 |
|u http://www.digitalniknihovna.cz/mzk/uuid/uuid:a9287de0-29c6-11ed-bb16-005056827e52
|y Digitalizovaný dokument
|x NDK
|
| 910 |
2 |
|
|a BOA001
|b 2-1483.301
|
| 990 |
|
|
|a BK
|
| 995 |
|
|
|a 01
|
| 991 |
|
|
|b 202204
|c NOV
|
| 996 |
6 |
|
|b 2610897108
|c 2-1483.301
|l MZK
|r Sklad / do 1 hodiny
|n 0
|p p.v.
|w 001880847
|u 000010
|a 1
|e BOA001
|j MZK50
|s P
|
| 996 |
7 |
|
|b 2610897109
|c 2-1483.301
|l MZK
|r Sklad / do 1 hodiny
|n 2
|p p.v.
|w 001880847
|u 000020
|a 1
|e BOA001
|j MZK50
|s A
|